|
|
|
|
| LEADER |
00000nab a2200000 a 4500 |
| 001 |
vtls000174102 |
| 003 |
SK-MaSNL |
| 005 |
20260304072026.0 |
| 008 |
250423c1984 xo 0 slo |
| 015 |
|
|
|a SNBRB19rr/mm-uuuuu
|
| 035 |
|
|
|a CL0184214
|
| 035 |
|
|
|a urn:nbn:sk:snk-abeklw
|
| 035 |
|
|
|a (urnnbn)urn:nbn:sk:snk:ar-0004za
|
| 035 |
|
|
|a (uuid)3fd814f9-399e-48f9-b658-f544fba063fd
|
| 040 |
|
|
|a SNKBUCL
|b slo
|c SNKBUCL
|e AACR2
|
| 041 |
0 |
|
|a slo
|
| 044 |
|
|
|a xo
|c SK
|
| 080 |
|
|
|a 82.09:885.4-3(048)
|2 1981
|
| 080 |
|
|
|a 885.4-3(048)
|2 1981
|
| 100 |
1 |
|
|a Jurčo, Ján,
|d 1933-
|4 aut
|9 112673
|
| 245 |
1 |
0 |
|a Milan Ferko: Svadba bez ženícha
|c Ján Jurčo
|
| 500 |
|
|
|a V rubrike Knihy
|
| 650 |
0 |
7 |
|a slovenské prózy
|2 snkbucl
|9 113495
|
| 655 |
|
7 |
|a recenzie
|2 snkbucl
|9 21907
|
| 655 |
|
7 |
|a články z novín a časopisov
|2 snkbucl
|9 267496
|
| 655 |
|
7 |
|a články z odboru literárna veda a krásna literatúra
|2 snkbucl
|9 770045
|
| 773 |
0 |
|
|t Slovenské pohľady
|g Roč. 100, č. 1 (1984), s. 133-135
|
| 787 |
0 |
8 |
|i Rec.:
|a Ferko, Milan
|t Svadba bez ženícha
|d Bratislava : Slovenský spisovateľ, 1982
|
| 850 |
|
|
|a Slovenská národná knižnica
|
| 852 |
|
|
|a Slovenská národná knižnica
|
| 954 |
|
|
|a odborná, vedecká literatúra pôvodná (slovenská)
|2 lita
|
| 958 |
|
|
|a article27
|
| 958 |
|
|
|a BX
|
| 958 |
|
|
|a RK
|
| 958 |
|
|
|a LX
|
| 958 |
|
|
|a OND
|
| 958 |
|
|
|a EUIPO
|
| 992 |
|
|
|a RBX
|
| 999 |
|
|
|c 2763995
|d 2765925
|